000 00670nam a2200205Ia 4500
003 GCL
008 140319s9999 xx 000 0 ara d
040 _aGCL /
_cGCL
082 0 4 _a258.
_bب ن
100 1 _aالبغدادى، جمال الدين الجوزى
245 1 0 _aنقد العلم والعلماء او تبيس ابليس /
_cالبغدادى، جمال الدين الجوزى
260 _a[S.N] :
_bدار الكتب المصرية
300 _a299 ص
490 _a
650 0 4 _aالحديث
650 0 4 _aالاحكام الشرعية
650 0 4 _aالتاريخ الاسلامى
650 0 4 _aالفقه الاسلامى
942 _2ddc
_cBK
999 _c58616
_d58616